| 000 | 005660000a22002170004500 | ||
|---|---|---|---|
| 090 |
_aMM _b00163 |
||
| 245 | 1 | 0 | _aAmazon paper |
| 300 | _bCD-ROM | ||
| 650 | 1 | 4 |
_aVideos _9100938 |
| 650 | 1 | 4 |
_aAgroindustria _91890 |
| 650 | 1 | 4 |
_aPapel de fibra _9100939 |
| 650 | 1 | 4 |
_aPlantas de fibra _917859 |
| 650 | 1 | 4 |
_aUso sostenible _9344 |
| 651 | 4 |
_pBrasil _992749 |
|
| 653 |
_fBromeliaceae _gAnanas _eAnanas erectifolius _vCurauá |
||
| 041 | 0 | _aEspañol | |
| 044 | _aBrasil | ||
| 110 | 1 |
_aBolsa Amazonia _94541 |
|
| 260 |
_aBelem _bBolsa Amazônia _c2000? |
||
| 942 | _cCD-ROM | ||
| 999 |
_c16539 _d16539 |
||